Numerical methods with Fortran IV case studies /

Guardado en:
Autor Principal: Dorn, William S.
Otros Autores: McCracken, Daniel D.
Formato: Libro
Idioma:English
Publicado: New York : Wiley, c1972.
Materias:
Etiquetas: Agregar Etiqueta
Sin Etiquetas, Sea el primero en etiquetar este registro!
LEADER 00918cam a22002535a 4500
001 EIQ.libpla001348
008 720515s1972####nyu######b####001#0#eng#d
005 20080925160320.0
245 1 0 |a Numerical methods with Fortran IV case studies /  |c [by] William S. Dorn [and] Daniel D. McCracken. 
260 |a New York :  |b Wiley,  |c c1972. 
300 |a xii, 447 p. ;  |c 26 cm. 
504 |a Bibliografía: p. 415-420. 
500 |a Incluye índice. 
020 |a 0471219185 
100 1 |a Dorn, William S. 
700 1 |a McCracken, Daniel D. 
082 0 0 |a 519.4 
650 4 |a Análisis numérico  |x Procesamiento de datos. 
650 4 |a FORTRAN IV (Lenguaje programas de computadores)  |x Casos de estudio. 
650 0 |a Numerical analysis  |x Data processing. 
650 4 |a FORTRAN IV (Computer program language)  |x Case Studies. 
010 |a  77037365  
040 |a DLC  |c DLC  |d AR-BbSID 
859 |a AR-BbSID  |b BIB. PLAPIQUI  |h 001.642  |i D 1  |p 2743